000 00743nam a2200289Ia 4500
001 15149
003 IT-RoPAU
008 130308s9999 xx 000 0 und d
040 _aIT-RoPAU
040 _cIT-RoPAU
041 _aITALIANO
100 _aCalogero Guido
100 _gCodice Aut. SPICS: 8585
245 _aPer una reale libertà di espressione
245 _bStampa in Allarme
250 _a1a ed.
260 _aBARI
260 _bLaterza
260 _c1958 [1° Ed.:1958 - Ed.Ling.Originale:1958]
300 _a"9 p. (prefazione: no ; testo: 9 [pagine: 164-172])"
650 _aDIRITTO NELLA STAMPA DI MASSA
650 _eCodice materia Spics: 4609
942 _cBK
957 _71
999 _c46761
_d46761
999 _bSI
999 _g1